000 00261nam a22001097a 4500
082 _a954 SHE'I
100 _aSHERWANI, LATIF AHMAD
_980240
245 _aINDIA CHINA AND PAKISTAN
260 _aKARACHI
_bCOUNCIL FOR PAKISTAN
_c1967
300 _a140P
942 _cBK
999 _c585191
_d585191